Pre- Spanish Philippines / (Record no. 12705)
[ view plain ]
| 000 -LEADER | |
|---|---|
| fixed length control field | 00634nam a2200181 a 4500 |
| 005 - DATE AND TIME OF LATEST TRANSACTION | |
| control field | 20140310182406.0 |
| 008 - FIXED-LENGTH DATA ELEMENTS--GENERAL INFORMATION | |
| fixed length control field | 970101s19uu xx 00 eng d |
| 020 ## - INTERNATIONAL STANDARD BOOK NUMBER | |
| International Standard Book Number | 971-91788-08-9 |
| 050 ## - LIBRARY OF CONGRESS CALL NUMBER | |
| Classification number | DS 674 |
| Item number | .P392 1996 |
| 100 ## - MAIN ENTRY--PERSONAL NAME | |
| Personal name | Pelmoka, Juana Jimenez, Ph. D. |
| 245 ## - TITLE STATEMENT | |
| Title | Pre- Spanish Philippines / |
| Statement of responsibility, etc | Juana Jimenez Pelmoka, Ph.D. |
| 260 ## - PUBLICATION, DISTRIBUTION, ETC. (IMPRINT) | |
| Place of publication, distribution, etc | Tandang Sora St. Caloocan City : |
| Name of publisher, distributor, etc | Philippine graphic arts, Inc, |
| Date of publication, distribution, etc | 1996. |
| 300 ## - PHYSICAL DESCRIPTION | |
| Extent | 172 p. : |
| Other physical details | ill. ; |
| Dimensions | 23 cm. |
| 650 ## - SUBJECT ADDED ENTRY--TOPICAL TERM | |
| Topical term or geographic name as entry element | Pre-Spanish civilization |
| General subdivision | Philippines |
| 650 ## - SUBJECT ADDED ENTRY--TOPICAL TERM | |
| Topical term or geographic name as entry element | Civilization |
| General subdivision | Philippines |
| -- | 3. Pre-Spanish laws & gov't |
| -- | Philippines |
| 942 ## - ADDED ENTRY ELEMENTS (KOHA) | |
| Koha item type | Books |
| Source of classification or shelving scheme | Library of Congress Classification |
| Withdrawn status | Lost status | Source of classification or shelving scheme | Damaged status | Home library | Current library | Shelving location | Date acquired | Total Checkouts | Full call number | Barcode | Date last seen | Copy number | Price effective from | Koha item type |
|---|---|---|---|---|---|---|---|---|---|---|---|---|---|---|
| Library of Congress Classification | Luxembourg Library | Luxembourg Library | Filipiniana Section | 10/25/2013 | DS 674 .P392 1996 | 8410 | 10/10/2013 | 1 | 03/10/2014 | Books |